000 00465nam a22001697a 4500
003 DO-SdBNP
005 20180220130555.0
008 180220b dr||||| |||| 00| 0 spa d
020 _a9945400746
040 _aBPMSU
_bspa
_cBPMSU
100 _aGonzález Mariche, Zoraida
245 _aCampanita nivel inicial
_cZoraida González Mariche y Ernestina Grullón
300 _a110 p.
942 _2ddc
_cBK
945 _ainventariado, 2018 / dg
956 _adgarcia
_b10
999 _c13322
_d13322